| 000 | 01235nam0a22003731 4500 | ||
|---|---|---|---|
| 001 | RU\NLR\A1SV\812 | ||
| 005 | 20251203171251.9 | ||
| 035 | _a(NLR Aleph) 009686896 | ||
| 090 |
_a9721776 _c9721776 |
||
| 100 | _a19980220d1925 u y0rusy50 ca | ||
| 101 | 0 | _arus | |
| 102 | _aRU | ||
| 200 | 1 |
_aОсновы учения о машинах _eС 282 черт. в тексте _fВ.В.Арнольд, проф. Ин-та инж. пут. сообщ. и Ин-та гражд. инж. _g[Ин-т инж. пут. сообщ.] |
|
| 205 |
_a2-е изд. _bдоп. |
||
| 210 |
_aЛ. _cКубуч _d1925 |
||
| 215 |
_aXIV, 352, с. _cчерт. _d27 см |
||
| 300 | _aКоллектив указан на обл. | ||
| 320 | _aБиблиогр.: с.X-XIV | ||
| 620 | _dСанкт-Петербург | ||
| 700 | 1 |
_aАрнольд _bВ.В. _f1878-1943 _gВладимир Владимирович _4070 |
|
| 801 | 0 |
_aRU _bNLR _c19980220 |
|
| 852 |
_aNLR _j17.131.1.10 |
||
| 852 |
_aNLR _jТ 36 В-7/22 |
||
| 852 |
_aNLR _j18.392.3.47 |
||
| 899 | _aБАН | ||
| 899 | _aКирОУНБ | ||
| 899 | _aРКП | ||
| 899 | _aСОУНБ | ||
| 899 | _aНБЛ КГУ | ||
| 899 | _aРГБ | ||
| 942 | _cBOOK | ||
| 980 | _aNB | ||
| 980 | _aA1SV | ||